[Event "Ð§ÐµÐ¼Ð¿Ð¸Ð¾Ð½Ð°Ñ‚ ÐŸÐ¤Ðž Ð¿Ð¾ ÑˆÐ°Ñ…Ð¼Ã"]
[Site "Ð�Ð°Ð±ÐµÑ€ÐµÐ¶Ð½Ñ‹Ðµ Ð§ÐµÐ»Ð½Ñ"]
[Date "2024.03.24"]
[Round "5.36"]
[White "Ð“Ñ€Ð¸Ð±ÐºÐ¾Ð², Ð¡ÐµÑ€Ð³ÐµÐ¹."]
[Black "ÐœÑƒÐ»Ð»Ð¸Ð½, Ð—ÑƒÑ„Ð°Ñ€."]
[Result "0-1"]
[WhiteElo "800"]
[BlackElo "1894"]
[Annotator "kniazev,Igor"]
[PlyCount "62"]
[EventDate "2024.03.20"]

{[%evp 0,18,28,28,35,-10,0,-40,21,13,6,32,34,37,45,23,44,24,55,8,39]} 1. d4 Nf6
2. c4 e6 3. g3 c5 4. d5 exd5 5. cxd5 d6 6. Nc3 a6 7. a4 g6 8. e4 Bg7 9. Nf3 Bg4
10. Bg2 Nbd7 11. h3 Bxf3 12. Bxf3 Ne5 13. O-O Qa5 14. Bf4 Nfd7 15. Bg2 O-O 16.
Re1 f5 17. h4 fxe4 18. Rxe4 c4 19. Bh3 Nc5 20. Be6+ Kh8 21. Bxe5 Bxe5 22. Rxc4
Qb6 23. a5 Qa7 24. Kh1 Rxf2 25. b4 Nxe6 26. dxe6 Qe3 27. Qg4 Raf8 28. Qh3 Qf3+
29. Kg1 Bxg3 30. e7 Bh2+ 31. Qxh2 Rf1+ 0-1